[Event "Oberliga Bayern 2324"]
[Site "Germany"]
[Date "2024.01.14"]
[Round "4.6"]
[White "Zentgraf, Alexander"]
[Black "Weller, Uli"]
[Result "0-1"]
[WhiteElo "2106"]
[BlackElo "2263"]
[PlyCount "64"]
[EventDate "2023.10.22"]
[EventType "team-tourn"]
[EventRounds "9"]
[EventCountry "GER"]
[SourceTitle "EXT 2025"]
[Source "ChessBase"]
[SourceDate "2024.10.14"]
[SourceVersion "1"]
[SourceVersionDate "2024.10.14"]
[SourceQuality "1"]
[WhiteTeam "Groebenzell"]
[BlackTeam "Augsburg"]
[WhiteTeamCountry "GER"]
[BlackTeamCountry "GER"]

1. d4 Nf6 2. Nf3 g6 3. Nc3 d5 4. Bf4 Bg7 5. e3 0-0 6. Be2 c5 7. dxc5 Qa5 8. 0-0 Qxc5 9. Nd2 e6 10. Nb3 Qe7 11. Bg3 Rd8 12. Bh4 h6 13. f4 b6 14. a4 a6 15. a5 b5 16. Bf3 Bb7 17. Ne2 Nbd7 18. Ned4 Rac8 19. Qe2 Re8 20. c3 e5 21. fxe5 Nxe5 22. Rae1 g5 23. Nf5 Qd7 24. Nxg7 Kxg7 25. Bg3 g4 26. Bxg4 Qxg4 27. Qf2 Qg6 28. Bxe5 Rxe5 29. Nd4 Ne4 30. Qf4 f6 31. Rf3 Kh7 32. Nf5 Ng5 0-1

[Event "Regionalliga Nord-West 1718"]
[Site "Bayern"]
[Date "2018.01.21"]
[Round "5.1"]
[White "Zentgraf, Alexander"]
[Black "Lorenz, Mark"]
[Result "1-0"]
[WhiteElo "2150"]
[BlackElo "2062"]
[PlyCount "87"]
[EventDate "2017.10.22"]
[EventType "team-tourn"]
[EventRounds "9"]
[EventCountry "GER"]
[SourceTitle "EXT 2022"]
[Source "ChessBase"]
[SourceDate "2021.10.06"]
[SourceVersion "1"]
[SourceVersionDate "2021.10.06"]
[SourceQuality "1"]
[WhiteTeam "Sailauf"]
[BlackTeam "Marktleuthen"]
[WhiteTeamCountry "GER"]
[BlackTeamCountry "GER"]

1. d4 Nf6 2. Nf3 e6 3. e3 b6 4. Bd3 Bb7 5. 0-0 Ne4 6. c4 Be7 7. Nfd2 Nxd2 8. Nxd2 c5 9. dxc5 bxc5 10. Qc2 Nc6 11. a3 Qc7 12. Nf3 Bf6 13. Bd2 Ne5 14. Nxe5 Bxe5 15. f4 Bf6 16. Bc3 Bxc3 17. Qxc3 0-0 18. b4 a6 19. Rfd1 Rfc8 20. b5 axb5 21. cxb5 d5 22. a4 Ra5 23. Bc2 Qb6 24. Qe5 Raa8 25. f5 exf5 26. Qxf5 g6 27. Qf4 Re8 28. e4 d4 29. Bb3 Re7 30. Bc4 Kg7 31. e5 Bc8 32. a5 Qd8 33. Qf6+ Kg8 34. a6 Be6 35. Bxe6 Rxe6 36. Qxd8+ Rxd8 37. Rdc1 d3 38. Rxc5 d2 39. Rd1 f6 40. a7 Ra8 41. Rc7 Rxe5 42. Rxd2 Rxb5 43. Rdd7 Rb2 44. Rb7 1-0

[Event "Oberliga Bayern 0708"]
[Site "Bayern"]
[Date "2008.04.20"]
[Round "9.3"]
[White "Seibold, Hubert"]
[Black "Zentgraf, Alexander"]
[Result "1/2-1/2"]
[WhiteElo "2127"]
[BlackElo "2165"]
[PlyCount "52"]
[EventDate "2007.10.21"]
[EventType "team-tourn"]
[EventRounds "9"]
[EventCountry "GER"]
[SourceTitle "EXT 2009"]
[Source "ChessBase"]
[SourceDate "2008.11.26"]
[SourceVersion "1"]
[SourceVersionDate "2008.11.26"]
[SourceQuality "1"]
[WhiteTeam "Zirndorf"]
[BlackTeam "Wuerzburg"]
[WhiteTeamCountry "GER"]
[BlackTeamCountry "GER"]

1. e4 e5 2. Nf3 Nc6 3. Bb5 a6 4. Ba4 Nf6 5. 0-0 Be7 6. Re1 b5 7. Bb3 d6 8. c3 0-0 9. h3 Na5 10. Bc2 c5 11. d4 Qc7 12. Nbd2 Nc6 13. d5 Nd8 14. Nf1 Ne8 15. g4 g6 16. Ng3 Ng7 17. Bh6 f6 18. a4 Rb8 19. axb5 axb5 20. b4 Nf7 21. Be3 Bd7 22. Kg2 Ra8 23. Qe2 c4 24. Nh2 Qb7 25. Rec1 Rxa1 26. Rxa1 Ra8 1/2-1/2

[Event "Oberliga Bayern 0708"]
[Site "Bayern"]
[Date "2007.11.25"]
[Round "3.3"]
[White "Zentgraf, Alexander"]
[Black "Blaskowski, Johannes"]
[Result "1/2-1/2"]
[WhiteElo "2188"]
[BlackElo "2328"]
[PlyCount "65"]
[EventDate "2007.10.21"]
[EventType "team-tourn"]
[EventRounds "9"]
[EventCountry "GER"]
[SourceTitle "EXT 2009"]
[Source "ChessBase"]
[SourceDate "2008.11.26"]
[SourceVersion "1"]
[SourceVersionDate "2008.11.26"]
[SourceQuality "1"]
[WhiteTeam "Wuerzburg"]
[BlackTeam "Pang/Rosenheim"]
[WhiteTeamCountry "GER"]
[BlackTeamCountry "GER"]

1. e4 c5 2. Nf3 e6 3. d3 d5 4. Qe2 Nf6 5. g3 Nc6 6. Bg2 Be7 7. 0-0 0-0 8. e5 Nd7 9. c4 d4 10. h4 Qc7 11. Bf4 a6 12. Nbd2 b5 13. b3 Bb7 14. Rfe1 Rfe8 15. Nf1 b4 16. N1h2 a5 17. Ng5 Bxg5 18. hxg5 Ne7 19. a4 bxa3 20. Rxa3 Bxg2 21. Kxg2 Qb7+ 22. f3 Nc6 23. Ng4 Reb8 24. Rea1 Nf8 25. Nf2 Ng6 26. Ne4 Qc7 27. Nxc5 Ncxe5 28. Bxe5 Nxe5 29. Ne4 Nc6 30. f4 Ne7 31. Qd2 Nc6 32. Qe2 Ne7 33. Qd2 1/2-1/2

[Event "Unterfranken-ch M1 57th"]
[Site "Prichsenstadt"]
[Date "2006.04.22"]
[Round "9"]
[White "Vogt, Thomas"]
[Black "Zentgraf, Alexander"]
[Result "0-1"]
[WhiteElo "1939"]
[BlackElo "2137"]
[PlyCount "52"]
[EventDate "2006.04.17"]
[EventType "swiss"]
[EventRounds "9"]
[EventCountry "GER"]
[SourceTitle "EXT 2015"]
[Source "ChessBase"]
[SourceDate "2014.11.20"]
[SourceVersion "1"]
[SourceVersionDate "2014.11.20"]
[SourceQuality "1"]

1. e4 c5 2. Nf3 e6 3. d4 cxd4 4. Nxd4 Nf6 5. Nc3 d6 6. Be2 a6 7. a4 Qc7 8. 0-0 b6 9. f4 Bb7 10. Bf3 Nbd7 11. Kh1 h6 12. Re1 e5 13. Nb3 Be7 14. f5 Rc8 15. Be3 0-0 16. Qd2 Qb8 17. Bf2 Qa8 18. Qd3 Rfe8 19. Rad1 Bc6 20. Re2 Rc7 21. Nd2 b5 22. Nd5 Bxd5 23. exd5 Nc5 24. Bxc5 Rxc5 25. Nb3 Rc4 26. Na5 Rd4 0-1

[Event "Unterfranken-ch M1 57th"]
[Site "Prichsenstadt"]
[Date "2006.04.21"]
[Round "7"]
[White "Zentgraf, Alexander"]
[Black "Reitz, Helmut"]
[Result "1/2-1/2"]
[WhiteElo "2137"]
[BlackElo "1839"]
[PlyCount "80"]
[EventDate "2006.04.17"]
[EventType "swiss"]
[EventRounds "9"]
[EventCountry "GER"]
[SourceTitle "EXT 2015"]
[Source "ChessBase"]
[SourceDate "2014.11.20"]
[SourceVersion "1"]
[SourceVersionDate "2014.11.20"]
[SourceQuality "1"]

1. e4 e5 2. Nf3 d6 3. d4 Bg4 4. d5 Nf6 5. Bd3 Nbd7 6. c4 Nc5 7. Nc3 Nxd3+ 8. Qxd3 Be7 9. 0-0 0-0 10. Ne1 Nd7 11. Be3 f5 12. f3 fxe4 13. Nxe4 Bf5 14. Qd2 Bxe4 15. fxe4 Nf6 16. Qd3 Ng4 17. Rxf8+ Qxf8 18. Nf3 Qf7 19. Bd2 Rf8 20. h3 Nf6 21. Ng5 Qg6 22. Re1 Nd7 23. Ne6 Rc8 24. Qb3 b6 25. Qa4 Nf8 26. Qa6 Qe8 27. Nxf8 Kxf8 28. Qxa7 b5 29. b3 bxc4 30. bxc4 Ra8 31. Qxc7 Rxa2 32. Be3 Kg8 33. Rb1 Qg6 34. Qc8+ Bf8 35. Qg4 Qxg4 36. hxg4 Re2 37. Rb3 Rc2 38. Rb4 Re2 39. Rb3 Rc2 40. Rb4 Re2 1/2-1/2

[Event "Unterfranken-ch M2 56th"]
[Site "Stetten"]
[Date "2005.03.29"]
[Round "3"]
[White "Zentgraf, Alexander"]
[Black "Mueller, Rigo"]
[Result "1-0"]
[WhiteElo "2174"]
[BlackElo "1959"]
[PlyCount "99"]
[EventDate "2005.03.28"]
[EventType "swiss"]
[EventRounds "9"]
[EventCountry "GER"]
[SourceTitle "EXT 2015"]
[Source "ChessBase"]
[SourceDate "2014.11.20"]
[SourceVersion "1"]
[SourceVersionDate "2014.11.20"]
[SourceQuality "1"]

1. e4 c5 2. Nf3 a6 3. c3 e6 4. d4 d5 5. e5 Bd7 6. Bd3 cxd4 7. cxd4 Bb5 8. 0-0 Bxd3 9. Qxd3 Ne7 10. Nc3 Nf5 11. Bg5 Qb6 12. Nxd5 Qa5 13. Nc3 Nc6 14. a3 h6 15. d5 Nxe5 16. Nxe5 hxg5 17. dxe6 Nd6 18. exf7+ Kd8 19. Nc4 Qc7 20. Nxd6 Qxd6 21. Qg3 Qxg3 22. hxg3 Ke7 23. Rfd1 b5 24. Rd5 Kxf7 25. Rxg5 Rh6 26. f4 Be7 27. Rd5 Rc8 28. Kf2 b4 29. axb4 Bxb4 30. Rd7+ Kf8 31. Rad1 Bxc3 32. bxc3 Rxc3 33. Rd8+ Kf7 34. R1d7+ Kg6 35. Rd6+ Kh7 36. Rxh6+ gxh6 37. Rd7+ Kg8 38. Rd6 Rc2+ 39. Kf3 Rc3+ 40. Kg4 Kg7 41. Rxa6 Rc2 42. Kh3 Rf2 43. Ra4 h5 44. Ra5 Kg6 45. Kh4 Rxg2 46. Rg5+ Kh6 47. Rxh5+ Kg6 48. Rg5+ Kf6 49. Kg4 Rg1 50. Ra5 1-0

[Event "Hastings Masters op 81st"]
[Site "Hastings"]
[Date "2005.03.17"]
[Round "8"]
[White "Zentgraf, Alexander"]
[Black "Koskinen, Antti"]
[Result "1/2-1/2"]
[WhiteElo "1191"]
[BlackElo "979"]
[PlyCount "70"]
[EventDate "2005.12.28"]
[EventType "swiss"]
[EventRounds "10"]
[EventCountry "ENG"]
[SourceTitle "EXT 2007"]
[Source "ChessBase"]
[SourceDate "2006.11.23"]
[SourceVersion "1"]
[SourceVersionDate "2006.11.23"]
[SourceQuality "1"]

1. d4 d5 2. c4 e6 3. Nf3 Nf6 4. Nc3 Bb4 5. Bg5 0-0 6. e3 Nbd7 7. Qc2 b6 8. a3 Bxc3+ 9. bxc3 c5 10. cxd5 exd5 11. Bb5 Qe7 12. Bc6 Rb8 13. Bf4 Bb7 14. Bxb8 Bxc6 15. Bf4 Bb5 16. Rb1 Bc4 17. Nd2 b5 18. Nxc4 bxc4 19. Qb2 cxd4 20. cxd4 Ne4 21. Qb4 Qxb4+ 22. axb4 Rc8 23. Rc1 Nb6 24. f3 Nf6 25. 0-0 Na4 26. Rc2 c3 27. Bd6 Nd7 28. Bc5 Ndb6 29. Bxb6 axb6 30. Rfc1 b5 31. Kf2 Rc4 32. Rb1 Kf8 33. Kg3 Ke7 34. Kf4 Nb2 35. Ke5 Nd3+ 1/2-1/2

[Event "Hastings Masters op 81st"]
[Site "Hastings"]
[Date "2005.03.16"]
[Round "6"]
[White "MacGilchrist, Siegrun"]
[Black "Zentgraf, Alexander"]
[Result "1-0"]
[WhiteElo "1858"]
[BlackElo "1191"]
[PlyCount "61"]
[EventDate "2005.12.28"]
[EventType "swiss"]
[EventRounds "10"]
[EventCountry "ENG"]
[SourceTitle "EXT 2007"]
[Source "ChessBase"]
[SourceDate "2006.11.23"]
[SourceVersion "1"]
[SourceVersionDate "2006.11.23"]
[SourceQuality "1"]

1. e4 e5 2. Nf3 Nc6 3. Bc4 Bc5 4. c3 Nf6 5. d4 exd4 6. Bg5 h6 7. Bxf6 Qxf6 8. cxd4 Nxd4 9. Nxd4 Bxd4 10. Qe2 Bxb2 11. 0-0 Bxa1 12. f4 Qb6+ 13. Kh1 0-0 14. e5 Re8 15. Qh5 Qg6 16. Qxg6 Re7 17. Qd3 b6 18. Qd2 c5 19. Nc3 Bxc3 20. Qxc3 Bb7 21. Qd3 a5 22. Qd6 Rae8 23. Qxb6 Ba8 24. Qxa5 Kh8 25. Kg1 Bc6 26. a4 Ra8 27. Qxc5 Rae8 28. Bb5 Bb7 29. Rd1 Bc8 30. a5 Kh7 31. a6 1-0

[Event "Hastings Masters op 81st"]
[Site "Hastings"]
[Date "2005.03.12"]
[Round "1"]
[White "Zentgraf, Alexander"]
[Black "Mueller Ludwig, Kristin"]
[Result "0-1"]
[WhiteElo "1191"]
[BlackElo "2065"]
[PlyCount "45"]
[EventDate "2005.12.28"]
[EventType "swiss"]
[EventRounds "10"]
[EventCountry "ENG"]
[SourceTitle "EXT 2007"]
[Source "ChessBase"]
[SourceDate "2006.11.23"]
[SourceVersion "1"]
[SourceVersionDate "2006.11.23"]
[SourceQuality "1"]

1. d4 Nf6 2. c4 g6 3. Nc3 Bg7 4. e4 d6 5. Nf3 0-0 6. Bf4 Nbd7 7. Bd3 c6 8. 0-0 Nh5 9. Be3 e5 10. d5 c5 11. Qd2 f5 12. exf5 gxf5 13. Ng5 Ndf6 14. f4 Ng4 15. Be2 exf4 16. Bxf4 Bd4+ 17. Kh1 Nxf4 18. Bxg4 Qxg5 19. Rxf4 Be5 20. Rf2 Qxd2 21. Rxd2 fxg4 22. Ne4 Bf5 23. Re1 0-1

[Event "BL2-Ost 0405"]
[Site "Germany"]
[Date "2004.11.28"]
[Round "3.6"]
[White "Zentgraf, Alexander"]
[Black "Kirchner, Thomas"]
[Result "1/2-1/2"]
[WhiteElo "2164"]
[BlackElo "2225"]
[PlyCount "180"]
[EventDate "2004.10.24"]
[EventType "team-tourn"]
[EventRounds "9"]
[EventCountry "GER"]
[SourceTitle "EXT 2007"]
[Source "ChessBase"]
[SourceDate "2006.11.23"]
[SourceVersion "1"]
[SourceVersionDate "2006.11.23"]
[SourceQuality "1"]
[WhiteTeam "Wuerzburg"]
[BlackTeam "Nuernberg NT"]
[WhiteTeamCountry "GER"]
[BlackTeamCountry "GER"]

1. c4 e5 2. g3 Nf6 3. Bg2 Be7 4. Nc3 0-0 5. d3 d6 6. Nf3 c6 7. 0-0 Qc7 8. Bg5 Be6 9. Rc1 Nbd7 10. Nd2 Rac8 11. a3 h6 12. Bxf6 Bxf6 13. b4 Be7 14. b5 f5 15. bxc6 bxc6 16. Rb1 Bf6 17. Na2 d5 18. Nb4 e4 19. Qb3 Nc5 20. Qa2 Na4 21. cxd5 Nc3 22. Qb3 cxd5 23. dxe4 fxe4 24. Nxe4 Nxb1 25. Nxf6+ Rxf6 26. Nxd5 Bxd5 27. Bxd5+ Kh8 28. Qxb1 Qc5 29. Qb3 Rg6 30. a4 Rb6 31. Qd3 Rb4 32. Be6 Rf8 33. Qd7 Rd4 34. Qb5 Qxb5 35. axb5 Re4 36. Bd5 Rxe2 37. Bc6 Rb2 38. h4 Rf6 39. Ra1 Rf7 40. Rf1 g6 41. Kg2 Rf6 42. Bd7 Kg7 43. Kg1 Rd6 44. Be8 Rdd2 45. Bc6 Kf6 46. Ra1 Rxf2 47. Rxa7 Rfd2 48. Ra1 Kf5 49. Bf3 Rxb5 50. Rf1 Ke5 51. Re1+ Kf6 52. Rf1 Rf5 53. Bg4 Rxf1+ 54. Kxf1 Ke5 55. Bc8 Ke4 56. Bb7+ Kd3 57. Kg1 Kd4 58. Kf1 Ke5 59. Kg1 Rc2 60. Bg2 Rb2 61. Bc6 Rd2 62. Bb7 Kf6 63. Kf1 Rc2 64. Bg2 g5 65. hxg5+ hxg5 66. Bf3 Ke5 67. Kg1 Rb2 68. Bc6 Rb3 69. Kf2 Rc3 70. Bf3 Kf5 71. Kg2 Rc2+ 72. Kg1 Rd2 73. Kf1 Ke5 74. Bb7 Kd4 75. Kg1 Ke3 76. Kf1 Rf2+ 77. Kg1 g4 78. Bc6 Re2 79. Bb7 Kd3 80. Bc6 Re4 81. Kf2 Rb4 82. Kg2 Ke3 83. Bd5 Kd4 84. Bc6 Kc5 85. Bd7 Kd6 86. Bf5 Ke5 87. Bd7 Rc4 88. Kf2 Rd4 89. Bc6 Rd6 90. Bb7 Rb6 1/2-1/2

[Event "BL2-Ost 0405"]
[Site "Germany"]
[Date "2004.11.14"]
[Round "2.6"]
[White "Bartsch, Berthold"]
[Black "Zentgraf, Alexander"]
[Result "0-1"]
[WhiteElo "2290"]
[BlackElo "2164"]
[PlyCount "78"]
[EventDate "2004.10.24"]
[EventType "team-tourn"]
[EventRounds "9"]
[EventCountry "GER"]
[SourceTitle "EXT 2007"]
[Source "ChessBase"]
[SourceDate "2006.11.23"]
[SourceVersion "1"]
[SourceVersionDate "2006.11.23"]
[SourceQuality "1"]
[WhiteTeam "Forchheim"]
[BlackTeam "Wuerzburg"]
[WhiteTeamCountry "GER"]
[BlackTeamCountry "GER"]

1. e4 c5 2. Nc3 Nc6 3. g3 g6 4. Bg2 Bg7 5. d3 d6 6. Be3 Rb8 7. Qd2 b5 8. f4 b4 9. Nd1 Qb6 10. Nf3 f5 11. Nh4 Nh6 12. h3 0-0 13. 0-0 Bd7 14. Qf2 Kh8 15. e5 Rfc8 16. Nf3 Rc7 17. Re1 Qa6 18. Bf1 Qa4 19. c3 dxe5 20. fxe5 Na5 21. Bxc5 Nb3 22. axb3 Qxa1 23. Bxe7 Re8 24. Bxb4 Bc6 25. d4 Bxf3 26. Qxf3 Nf7 27. h4 Bxe5 28. Bc4 Bxd4+ 29. Kf1 Rxe1+ 30. Kxe1 Be5 31. g4 Rd7 32. Be6 Bg3+ 33. Kf1 Rxd1+ 34. Kg2 Rg1+ 35. Kh3 Rh1+ 36. Kxg3 Qg1+ 37. Kf4 Qc1+ 38. Kg3 f4+ 39. Kg2 Qg1# 0-1

[Event "BL2-Ost 0304"]
[Site "Germany"]
[Date "2004.??.??"]
[Round "?.8"]
[White "Orsag, Milan"]
[Black "Zentgraf, Alexander"]
[Result "0-1"]
[WhiteElo "2380"]
[BlackElo "2130"]
[PlyCount "86"]
[EventDate "2003.10.??"]
[EventType "team-tourn"]
[EventRounds "8"]
[EventCountry "GER"]
[SourceTitle "CBM 100 Extra"]
[Source "ChessBase"]
[SourceDate "2004.07.06"]
[SourceVersion "2"]
[SourceVersionDate "2004.07.06"]
[SourceQuality "1"]
[WhiteTeam "Forchheim"]
[BlackTeam "Wuerzburg"]
[WhiteTeamCountry "GER"]
[BlackTeamCountry "GER"]

1. Nf3 d6 2. d4 g6 3. c4 Nf6 4. Nc3 Bf5 5. d5 Bg7 6. Nd4 Bd7 7. e4 0-0 8. Be2 c5 9. Nc2 Na6 10. 0-0 Nc7 11. Bg5 h6 12. Bh4 a6 13. f4 b5 14. e5 Nfe8 15. Bg3 Rb8 16. Ne3 bxc4 17. Nxc4 Nb5 18. Nxb5 axb5 19. Ne3 Qc7 20. e6 fxe6 21. Qc2 Nf6 22. dxe6 Bxe6 23. Qxg6 Qd7 24. Rad1 d5 25. Qd3 c4 26. Qc2 Ne4 27. Bh4 Qa7 28. Rf3 Bg4 29. Rdf1 Bxf3 30. Rxf3 Bd4 31. Bf2 Rf7 32. Kf1 Rg7 33. a4 Qxa4 34. Qxa4 Nd2+ 35. Ke1 Nxf3+ 36. Bxf3 bxa4 37. Bxd5+ Kf8 38. Nxc4 Bxf2+ 39. Kxf2 Rb5 40. Be6 Rg6 41. Bd7 Rb4 42. Ne5 Rxb2+ 43. Kf3 Ra6 0-1

[Event "Landesliga Nord 0203"]
[Site "Bayern"]
[Date "2003.03.30"]
[Round "9.3"]
[White "Krug, Stefan"]
[Black "Zentgraf, Alexander"]
[Result "0-1"]
[WhiteElo "2114"]
[BlackElo "2163"]
[PlyCount "64"]
[EventDate "2002.10.20"]
[EventType "team-tourn"]
[EventRounds "9"]
[EventCountry "GER"]
[SourceTitle "EXT 2004"]
[Source "ChessBase"]
[SourceDate "2003.11.25"]
[SourceVersion "1"]
[SourceVersionDate "2003.11.25"]
[SourceQuality "1"]
[WhiteTeam "Bamberg II"]
[BlackTeam "Sailauf"]
[WhiteTeamCountry "GER"]
[BlackTeamCountry "GER"]

1. e4 c5 2. c3 Nf6 3. e5 Nd5 4. d4 cxd4 5. Nf3 e6 6. cxd4 b6 7. Nc3 Nxc3 8. bxc3 Qc7 9. Bd2 d6 10. Bd3 Nd7 11. 0-0 Be7 12. Re1 Bb7 13. Rc1 dxe5 14. Nxe5 Nxe5 15. Rxe5 Bd6 16. Rh5 g6 17. Rh3 0-0 18. Qg4 f5 19. Qg5 Rf7 20. Re1 Bd5 21. a4 Rc8 22. c4 Be7 23. Qh6 Bf8 24. Qg5 Be7 25. Qh6 Be4 26. Bxe4 fxe4 27. Rxe4 Rff8 28. d5 Bc5 29. Rxe6 Rxf2 30. Rxg6+ hxg6 31. Qh8+ Kf7 32. Qh7+ Ke8 0-1

[Event "Landesliga Nord 0203"]
[Site "Bayern"]
[Date "2003.03.09"]
[Round "8.3"]
[White "Zentgraf, Alexander"]
[Black "Scheidt, Karlheinz"]
[Result "1/2-1/2"]
[WhiteElo "2163"]
[BlackElo "2107"]
[PlyCount "157"]
[EventDate "2002.10.20"]
[EventType "team-tourn"]
[EventRounds "9"]
[EventCountry "GER"]
[SourceTitle "EXT 2004"]
[Source "ChessBase"]
[SourceDate "2003.11.25"]
[SourceVersion "1"]
[SourceVersionDate "2003.11.25"]
[SourceQuality "1"]
[WhiteTeam "Sailauf"]
[BlackTeam "Burgsinn"]
[WhiteTeamCountry "GER"]
[BlackTeamCountry "GER"]

1. c4 e5 2. g3 Nf6 3. Bg2 c6 4. d4 exd4 5. Qxd4 d5 6. cxd5 cxd5 7. Nf3 Nc6 8. Qa4 Bc5 9. 0-0 0-0 10. Bg5 Re8 11. Nc3 d4 12. Bxf6 Qxf6 13. Nd5 Qd6 14. Nf4 Bf5 15. a3 a6 16. b4 Ba7 17. Rad1 h6 18. h4 Rad8 19. Rd2 Re7 20. Rfd1 Qc7 21. Qb3 Red7 22. Nd3 Be6 23. Qb2 Qd6 24. Nf4 Bg4 25. Nh2 Bf5 26. Nf3 Qe7 27. Bh3 Bxh3 28. Nxh3 Qe4 29. Nf4 Qf5 30. Qb1 Qf6 31. Kg2 Qe7 32. Qb2 Qe4 33. Qb1 f5 34. Qb3+ Kh7 35. Rh1 Bb8 36. Ne6 Re8 37. Nc5 Qd5 38. Qxd5 Rxd5 39. Nxb7 Ba7 40. Rhd1 Bb6 41. e3 Re7 42. Nc5 Bxc5 43. bxc5 d3 44. Rxd3 Rxc5 45. Rd5 Rc2 46. R1d2 Rc3 47. R2d3 Rxd3 48. Rxd3 Re6 49. Rd5 Ne7 50. Re5 Rxe5 51. Nxe5 Kg8 52. Kf1 Kf8 53. Ke2 Ke8 54. Kd3 Kd8 55. Kc4 Kc7 56. Kc5 Ng8 57. f3 Nf6 58. Nc4 Nh5 59. g4 fxg4 60. fxg4 Nf6 61. Ne5 h5 62. gxh5 Nxh5 63. Nf3 Nf6 64. Nd4 Nd7+ 65. Kd5 Nb6+ 66. Ke6 Nc4 67. Nc2 Nd6 68. h5 Ne4 69. Kf7 Ng3 70. Kxg7 Nxh5+ 71. Kf7 Ng3 72. Ke6 Kc6 73. Nb4+ Kb5 74. Kd5 a5 75. Nc2 Ka4 76. Kc5 Kb3 77. Kb5 a4 78. Nd4+ Kxa3 79. Nc2+ 1/2-1/2

[Event "Landesliga Nord 0203"]
[Site "Bayern"]
[Date "2002.12.15"]
[Round "3.3"]
[White "Zentgraf, Alexander"]
[Black "Tiller, Jaroslav"]
[Result "1-0"]
[WhiteElo "2163"]
[BlackElo "2132"]
[PlyCount "99"]
[EventDate "2002.10.20"]
[EventType "team-tourn"]
[EventRounds "9"]
[EventCountry "GER"]
[SourceTitle "EXT 2004"]
[Source "ChessBase"]
[SourceDate "2003.11.25"]
[SourceVersion "1"]
[SourceVersionDate "2003.11.25"]
[SourceQuality "1"]
[WhiteTeam "Sailauf"]
[BlackTeam "Bindlach II"]
[WhiteTeamCountry "GER"]
[BlackTeamCountry "GER"]

1. c4 Nf6 2. g3 g6 3. Bg2 Bg7 4. Nc3 d6 5. Nf3 0-0 6. 0-0 Nc6 7. d3 e5 8. Rb1 h6 9. b4 Be6 10. b5 Ne7 11. a4 Qd7 12. Ba3 Ne8 13. Nd2 c6 14. bxc6 bxc6 15. a5 Rc8 16. a6 f5 17. Rb7 Rc7 18. Qb3 Nc8 19. Na4 Rf7 20. Rb1 Qd8 21. Qc2 Bf8 22. R1b3 Rfd7 23. Qb1 Bg7 24. Bb2 e4 25. dxe4 Bxb2 26. Rxb2 Qf6 27. Rxc7 Nxc7 28. Rb8 Re7 29. exf5 Bxf5 30. Be4 Rxe4 31. Nxe4 Qe5 32. g4 Nxa6 33. gxf5 Nxb8 34. Qxb8 Qxe4 35. Qxc8+ Kf7 36. Qe6+ Qxe6 37. fxe6+ Kxe6 38. e3 a5 39. Kf1 d5 40. c5 Ke5 41. Ke2 d4 42. Nb6 dxe3 43. Kxe3 Kf5 44. Nc8 a4 45. Ne7+ Ke5 46. Kd3 a3 47. Kc3 a2 48. Nxc6+ Ke6 49. Nd4+ Kd5 50. Nb3 1-0

[Event "Landesliga Nord 0203"]
[Site "Bayern"]
[Date "2002.11.17"]
[Round "2.3"]
[White "Sinkovics, Peter"]
[Black "Zentgraf, Alexander"]
[Result "1-0"]
[WhiteElo "2360"]
[BlackElo "2163"]
[PlyCount "99"]
[EventDate "2002.10.20"]
[EventType "team-tourn"]
[EventRounds "9"]
[EventCountry "GER"]
[SourceTitle "EXT 2004"]
[Source "ChessBase"]
[SourceDate "2003.11.25"]
[SourceVersion "1"]
[SourceVersionDate "2003.11.25"]
[SourceQuality "1"]
[WhiteTeam "Koetzting"]
[BlackTeam "Sailauf"]
[WhiteTeamCountry "GER"]
[BlackTeamCountry "GER"]

1. d4 Nf6 2. Nf3 g6 3. c4 Bg7 4. Nc3 d5 5. Bf4 0-0 6. e3 c5 7. dxc5 Qa5 8. Rc1 dxc4 9. Bxc4 Qxc5 10. Bb3 Nc6 11. 0-0 Qa5 12. h3 Bf5 13. Qe2 Ne4 14. Nd5 e5 15. Rxc6 bxc6 16. Ne7+ Kh8 17. Nxc6 Qb6 18. Ncxe5 Be6 19. Bxe6 Qxe6 20. Qc2 Nf6 21. Qa4 Nd5 22. Bg3 a5 23. Rd1 Nb6 24. Qb5 Kg8 25. Nc6 Nc4 26. Ng5 Qf6 27. Ne4 Qe6 28. Nc5 Qe8 29. Rd7 Ne5 30. Bxe5 Bxe5 31. Re7 Rb8 32. Rxe8 Rxb5 33. Rxe5 Rxb2 34. a4 Ra8 35. Ne4 Rb6 36. Rc5 Kg7 37. Nd4 Rb1+ 38. Kh2 Rb4 39. Nc3 Rb6 40. Kg3 h6 41. Kf3 Kf8 42. g4 Kg7 43. Ke4 Rb2 44. Kf3 Rb6 45. h4 Raa6 46. g5 hxg5 47. hxg5 Rb8 48. Nd5 Raa8 49. Rc7 Rc8 50. Ne6+ 1-0